Loading...
| Social Science | 0 | 2 | 0 | 0 | 20 | 78 | 82.00 | 0 | 2 | 0.00 | 0.00 |
| History - American | 0 | 2 | 1 | 0 | 15 | 61 | 80.00 | 0 | 2 | 0.00 | 0.00 |
| History - Other | 0 | 2 | 2 | 0 | 10 | 101 | 112.50 | 0 | 2 | 0.00 | 0.00 |
| Fine Arts - Classical Music | 0 | 1 | 0 | 0 | 10 | 91 | 91.00 | 1 | 1 | 0.00 | 0.00 |
| History - European | 0 | 1 | 0 | 0 | 10 | 45 | 45.00 | 1 | 1 | 0.00 | 0.00 |
| Mythology | 0 | 1 | 0 | 0 | 10 | 68 | 68.00 | 0 | 1 | 0.00 | 0.00 |
| Science - Other | 0 | 1 | 0 | 0 | 10 | 136 | 136.00 | 0 | 0 | 0.00 | 0.00 |
| Other | 0 | 1 | 1 | 0 | 5 | 119 | 119.00 | 0 | 1 | 0.00 | 0.00 |
| Religion | 0 | 1 | 1 | 1 | 5 | 124 | 124.00 | 0 | 1 | 0.00 | 0.00 |
| History - World | 0 | 1 | 1 | 0 | 5 | 28 | 28.00 | 1 | 1 | 0.00 | 0.00 |
| Fine Arts - Painting & Sculpture | 0 | 0 | 1 | 0 | -5 | 0.00 | 0 | 0 | 0.00 | 0.00 |